[Event "Las Vegas National op"]
[Site "Las Vegas"]
[Date "2025.06.05"]
[Round "3"]
[White "Mohammad, Nubairshah Shaikh"]
[Black "Chinni, Rishabh"]
[Result "1-0"]
[WhiteElo "2365"]
[BlackElo "2081"]
[PlyCount "67"]
[EventDate "2025.06.04"]
[EventType "swiss"]
[EventRounds "9"]
[EventCountry "USA"]
[SourceTitle "CB24_2025"]
[SourceDate "2025.06.11"]
[SourceVersion "1"]
[SourceVersionDate "2025.06.11"]
[SourceQuality "1"]

1. c4 Nf6 2. Nc3 e5 3. a3 a5 4. Nf3 Nc6 5. e3 d5 6. cxd5 Nxd5 7. Qc2 Be6 8. Bb5 f6 9. d4 Nxc3 10. bxc3 exd4 11. cxd4 Qd5 12. Bd3 Qd6 13. Bxh7 0-0-0 14. Rb1 g5 15. Rb5 g4 16. Nd2 Qd7 17. Be4 Re8 18. Bb2 g3 19. fxg3 Bd6 20. 0-0 Nb4 21. Rxa5 Qg7 22. axb4 Rxh2 23. Ra8+ Kd7 24. Qa4+ c6 25. Bxc6+ Ke7 26. Rxe8+ Kf7 27. Ne4 Rh1+ 28. Kxh1 Qh6+ 29. Kg1 Qxe3+ 30. Rf2 Qe1+ 31. Kh2 Bxg3+ 32. Kxg3 Qe3+ 33. Kh2 Qh6+ 34. Kg1 1-0

[Event "Seattle PNWCC IM 10"]
[Site "Seattle"]
[Date "2024.10.11"]
[Round "1"]
[White "Chinni, Rishabh"]
[Black "Yu, Jiangwei"]
[Result "0-1"]
[WhiteElo "2245"]
[BlackElo "2280"]
[PlyCount "92"]
[EventDate "2024.10.11"]
[EventType "tourn"]
[EventRounds "9"]
[EventCountry "USA"]
[EventCategory "2"]
[SourceTitle "CB44_2024"]
[Source "Chessbase"]
[SourceDate "2024.10.30"]
[SourceVersion "1"]
[SourceVersionDate "2024.10.30"]
[SourceQuality "1"]

1. e4 c5 2. Nc3 Nc6 3. f4 g6 4. Nf3 Bg7 5. Bb5 Nd4 6. Nxd4 cxd4 7. Ne2 Nf6 8. e5 Nd5 9. c4 Nb4 10. Qb3 Nc6 11. Qd3 Nb4 12. Qb3 Nc6 13. Qd3 f6 14. e6 dxe6 15. Bxc6+ bxc6 16. Qxd4 Qxd4 17. Nxd4 e5 18. fxe5 fxe5 19. Nb3 Bf5 20. 0-0 Bd3 21. Re1 e4 22. Kh1 0-0 23. Nc5 Bd4 24. Ne6 Bf2 25. Nxf8 Rxf8 26. Rd1 Be2 27. b3 Bxd1 28. Ba3 Be2 29. Bxe7 Rf7 30. Bb4 c5 31. Bc3 Bd4 32. Re1 Bxc3 33. dxc3 Rf1+ 34. Rxf1 Bxf1 35. Kg1 Bd3 36. Kf2 Kf7 37. Ke3 Kf6 38. b4 cxb4 39. cxb4 Bxc4 40. Kxe4 Bxa2 41. h4 a6 42. Kf4 h6 43. g4 g5+ 44. hxg5+ hxg5+ 45. Ke4 Be6 46. Kf3 Ke5 0-1

[Event "San Jose 1000 GM Labor Day op"]
[Site "San Jose"]
[Date "2024.08.31"]
[Round "2"]
[White "Harish, Neeraj"]
[Black "Chinni, Rishabh"]
[Result "0-1"]
[WhiteElo "2118"]
[BlackElo "2220"]
[PlyCount "108"]
[EventDate "2024.08.30"]
[EventType "swiss"]
[EventRounds "9"]
[EventCountry "USA"]
[SourceTitle "EXT 2025"]
[Source "ChessBase"]
[SourceDate "2024.10.14"]
[SourceVersion "1"]
[SourceVersionDate "2024.10.14"]
[SourceQuality "1"]

1. c4 Nf6 2. Nf3 e6 3. g3 d5 4. Bg2 c5 5. 0-0 Bd6 6. cxd5 exd5 7. d4 c4 8. Bg5 0-0 9. Nc3 Be7 10. b3 Qa5 11. Bxf6 Bxf6 12. Rc1 Nc6 13. e4 Bg4 14. e5 Bg5 15. Rc2 cxb3 16. axb3 Bh6 17. Ne2 Nb4 18. Rc5 Qa6 19. h3 Bf5 20. g4 Bd3 21. Ng3 b6 22. Rc3 g6 23. Re1 Bf4 24. Qa1 Rac8 25. Qxa6 Bxa6 26. Rxc8 Rxc8 27. Ra1 Rc1+ 28. Rxc1 Bxc1 29. Nf1 Bd3 30. Ne3 Be4 31. Ne1 Bxg2 32. Kxg2 a5 33. N1c2 Nxc2 34. Nxc2 b5 35. Kf3 Kf8 36. Ke2 Ke7 37. Ne3 Bxe3 38. Kxe3 g5 39. b4 axb4 40. Kd3 Kd7 41. Kc2 Kc6 42. Kb3 Kb7 43. Kxb4 Kb6 44. f3 h6 45. Kc3 Ka5 46. f4 b4+ 47. Kd3 gxf4 48. h4 f3 49. g5 f2 50. Ke2 b3 51. g6 b2 52. gxf7 f1Q+ 53. Kxf1 b1Q+ 54. Ke2 Qf5 0-1

[Event "San Francisco 1000 GM Memorial Day"]
[Site "San Francisco"]
[Date "2024.05.26"]
[Round "7"]
[White "Chinni, Rishabh"]
[Black "Tang, Zoey"]
[Result "1/2-1/2"]
[WhiteElo "2121"]
[BlackElo "2264"]
[PlyCount "81"]
[EventDate "2024.05.23"]
[EventType "swiss"]
[EventRounds "9"]
[EventCountry "USA"]
[SourceTitle "CBM 220 Extra"]
[Source "ChessBase"]
[SourceDate "2024.07.31"]
[SourceVersion "1"]
[SourceVersionDate "2024.07.31"]
[SourceQuality "1"]

1. e4 c5 2. Nf3 Nc6 3. d4 cxd4 4. Nxd4 Nf6 5. Nc3 e5 6. Ndb5 d6 7. Bg5 a6 8. Na3 b5 9. Nd5 Be7 10. Bxf6 Bxf6 11. c3 0-0 12. Nc2 Rb8 13. Be2 Bg5 14. 0-0 Be6 15. Nce3 Ne7 16. Nxe7+ Qxe7 17. Nd5 Qb7 18. Qd3 f5 19. Rad1 fxe4 20. Qxe4 Bf5 21. Qb4 Bc2 22. Qxd6 Bxd1 23. Bxd1 Rbe8 24. Bb3 Kh8 25. Qc7 Qc8 26. Qxc8 Rxc8 27. Re1 Rfe8 28. Bc2 e4 29. Bxe4 Rcd8 30. Kf1 g6 31. f3 Rd6 32. Rd1 Kg7 33. Ke2 Red8 34. Rd3 R8d7 35. g3 Rd8 36. Rd1 h5 37. h3 Kf7 38. Rd3 Kg7 39. Rd1 Kf7 40. Rd3 Kg7 41. Rd1 1/2-1/2

[Event "San Francisco 1000 GM Memorial Day"]
[Site "San Francisco"]
[Date "2024.05.26"]
[Round "6"]
[White "Tang, Benjamin"]
[Black "Chinni, Rishabh"]
[Result "1/2-1/2"]
[WhiteElo "2262"]
[BlackElo "2121"]
[PlyCount "130"]
[EventDate "2024.05.23"]
[EventType "swiss"]
[EventRounds "9"]
[EventCountry "USA"]
[SourceTitle "CBM 220 Extra"]
[Source "ChessBase"]
[SourceDate "2024.07.31"]
[SourceVersion "1"]
[SourceVersionDate "2024.07.31"]
[SourceQuality "1"]

1. e4 e5 2. Nf3 Nc6 3. d4 exd4 4. Nxd4 Bc5 5. Nb3 Bb6 6. Qe2 d6 7. Nc3 Nf6 8. Be3 Bxe3 9. Qxe3 0-0 10. 0-0-0 Qe7 11. f3 h5 12. Kb1 Be6 13. Qg5 g6 14. Nb5 Ne8 15. Qe3 a6 16. N5d4 Nxd4 17. Nxd4 Bd7 18. h4 Nf6 19. Qh6 Qe5 20. Bc4 d5 21. exd5 Nxd5 22. Rhe1 Qf4 23. Qxf4 Nxf4 24. g3 Nh3 25. Re7 Rad8 26. Nb3 Be6 27. Rxd8 Rxd8 28. Bxe6 Rd1+ 29. Nc1 fxe6 30. b3 Ng1 31. Kb2 Nxf3 32. Rxe6 Kf7 33. Re4 Nd4 34. Nd3 Nf5 35. g4 hxg4 36. Rxg4 Rd2 37. Rc4 c6 38. Nc5 b5 39. Rf4 Rh2 40. Nxa6 Rxh4 41. Rxh4 Nxh4 42. Nb4 c5 43. Nd3 c4 44. bxc4 bxc4 45. Ne5+ Ke6 46. Nxc4 Kd5 47. Kc3 Kc5 48. Nd2 Nf5 49. Ne4+ Kd5 50. Kd3 Ng7 51. c4+ Kc6 52. Ng5 Kc5 53. Kc3 Nf5 54. Ne4+ Kc6 55. a4 Ng7 56. Kb4 Ne6 57. Nf6 Nc5 58. Ng4 Nd3+ 59. Kc3 Nc5 60. a5 g5 61. Ne5+ Kd6 62. Nf7+ Kc6 63. Nxg5 Nb7 64. Kb4 Nxa5 65. Kxa5 Kc5 1/2-1/2